000
00263nam a22001217a 4500
008
181009b xxu||||| |||| 00| 0 eng d
041
_a
eng
080
_a
531
100
_a
43
101
_a
FIZ
245
_a
Progress in Nuclear Physics
_c
Frisch
942
_2
udc
_c
BK
999
_c
49153
_d
49153